[Event "Landesliga Sued 1314"]
[Site "Bayern"]
[Date "2013.11.24"]
[Round "3.8"]
[White "Swoboda, Philipp"]
[Black "Siemens, Andreas"]
[Result "1-0"]
[WhiteElo "1966"]
[BlackElo "2052"]
[PlyCount "93"]
[EventDate "2013.10.13"]
[EventType "team-tourn"]
[EventRounds "9"]
[EventCountry "GER"]
[SourceTitle "EXT 2015"]
[Source "ChessBase"]
[SourceDate "2014.11.20"]
[SourceVersion "1"]
[SourceVersionDate "2014.11.20"]
[SourceQuality "1"]
[WhiteTeam "Roehrnbach"]
[BlackTeam "Rottal"]
[WhiteTeamCountry "GER"]
[BlackTeamCountry "GER"]

1. e4 Nf6 2. e5 Nd5 3. d4 d6 4. Nf3 Nc6 5. c4 Nb6 6. exd6 exd6 7. Nc3 Be7 8. Be2 0-0 9. 0-0 Bf5 10. d5 Ne5 11. Nd4 Bg6 12. f4 Nexc4 13. f5 Bf6 14. fxg6 hxg6 15. Ne4 Bxd4+ 16. Qxd4 Ne5 17. Bf4 Nbd7 18. Rac1 a6 19. Qc3 Rc8 20. Ng5 Re8 21. Qh3 Nf8 22. Rc3 f6 23. Ne4 Nf7 24. Re3 g5 25. Bg3 Ne5 26. Qh5 g6 27. Qh3 f5 28. Bxe5 dxe5 29. Nc3 Kg7 30. g4 f4 31. Re4 Nh7 32. Qd3 Nf6 33. Rc4 Qd7 34. h3 Rcd8 35. Bf3 c6 36. Rd1 cxd5 37. Nxd5 Qd6 38. Qc2 Nxd5 39. Rxd5 Qb6+ 40. Kg2 Rxd5 41. Bxd5 Qe3 42. Rc3 Qd4 43. Rc7+ Kh6 44. Bf7 f3+ 45. Kf1 e4 46. Bxe8 Qe5 47. Qc3 1-0

[Event "Braunau op"]
[Site "Braunau"]
[Date "2013.09.21"]
[Round "2"]
[White "Siemens, Andreas"]
[Black "Boricsev, Oleg"]
[Result "0-1"]
[WhiteElo "2058"]
[BlackElo "2337"]
[PlyCount "98"]
[EventDate "2013.09.20"]
[EventType "swiss"]
[EventRounds "5"]
[EventCountry "AUT"]
[SourceTitle "CBM 156 Extra"]
[Source "ChessBase"]
[SourceDate "2013.10.22"]
[SourceVersion "1"]
[SourceVersionDate "2013.10.22"]
[SourceQuality "1"]

1. d4 g6 2. Nf3 Bg7 3. e3 f5 4. Be2 Nf6 5. c4 d6 6. Nc3 0-0 7. Qb3 Kh8 8. h4 c5 9. dxc5 dxc5 10. Bd2 Nc6 11. 0-0-0 Qb6 12. Be1 Qxb3 13. axb3 h6 14. Nd5 Nxd5 15. Rxd5 b6 16. Bc3 Be6 17. Rd2 a5 18. Kc2 a4 19. Bxg7+ Kxg7 20. bxa4 Rxa4 21. Kc3 Kf6 22. Rhd1 Rb4 23. b3 Ra8 24. Rb2 Ra3 25. Nd2 Na5 26. Rdb1 b5 27. g3 bxc4 28. Kc2 cxb3+ 29. Kc3 Bd5 30. f3 Ra2 31. Bd3 Rxb2 32. Rxb2 Ra4 33. e4 Be6 34. f4 c4 35. e5+ Kf7 36. Be2 Ra1 37. Rb1 Ra2 38. Rb2 Ke8 39. Nf3 h5 40. Nd4 Bd5 41. Nb5 Rxb2 42. Kxb2 Kd7 43. Kc3 Kc6 44. Kb4 Kb6 45. Nc3 Nc6+ 46. Ka3 Kc5 47. Kb2 Nd4 48. Bf1 Be6 49. Bh3 Kb4 0-1

[Event "Niederbayernliga 1213"]
[Site "Bayern"]
[Date "2012.10.14"]
[Round "1.2"]
[White "Grigore Nikolitsch, Corneliu"]
[Black "Siemens, Andreas"]
[Result "0-1"]
[WhiteElo "1586"]
[BlackElo "1978"]
[PlyCount "52"]
[EventDate "2012.10.14"]
[EventType "team-tourn"]
[EventRounds "9"]
[EventCountry "GER"]
[SourceTitle "EXT 2023"]
[Source "ChessBase"]
[SourceDate "2022.10.05"]
[SourceVersion "1"]
[SourceVersionDate "2022.10.05"]
[SourceQuality "1"]
[WhiteTeam "Rottal III"]
[BlackTeam "Rottal II"]
[WhiteTeamCountry "GER"]
[BlackTeamCountry "GER"]

1. d4 Nf6 2. c4 c5 3. e3 g6 4. Nf3 Bg7 5. Nc3 0-0 6. Be2 b6 7. e4 d6 8. d5 Nbd7 9. Nd2 Bb7 10. f4 e6 11. Nf3 exd5 12. exd5 a6 13. 0-0 Re8 14. Bd3 Ng4 15. Ne4 Ndf6 16. Re1 Nxe4 17. Rxe4 Rxe4 18. Bxe4 b5 19. Ne1 Bd4+ 20. Kf1 Nxh2+ 21. Ke2 Qh4 22. Kd3 Re8 23. Nf3 Qf2 24. Nxh2 bxc4+ 25. Kxc4 Rxe4 26. Qf3 Qc2+ 0-1

[Event "Regionalliga SO 1112"]
[Site "Bayern"]
[Date "2012.03.18"]
[Round "8.2"]
[White "Vidonyak, Roman"]
[Black "Siemens, Andreas"]
[Result "1-0"]
[WhiteElo "2408"]
[BlackElo "1938"]
[PlyCount "59"]
[EventDate "2011.10.02"]
[EventType "team-tourn"]
[EventRounds "9"]
[EventCountry "GER"]
[SourceTitle "EXT 2015"]
[Source "ChessBase"]
[SourceDate "2014.11.20"]
[SourceVersion "1"]
[SourceVersionDate "2014.11.20"]
[SourceQuality "1"]
[WhiteTeam "Tegernsee"]
[BlackTeam "Rottal II"]
[WhiteTeamCountry "GER"]
[BlackTeamCountry "GER"]

1. Nf3 Nf6 2. c4 d6 3. d4 g6 4. Nc3 Bg7 5. g3 0-0 6. Bg2 Nbd7 7. 0-0 c6 8. a4 e5 9. e3 Nh5 10. b3 f5 11. Ba3 e4 12. Ne1 c5 13. Nc2 a6 14. b4 cxd4 15. Nxd4 Ne5 16. Qb3 Kh8 17. Rfd1 Qc7 18. Bf1 Nf6 19. Rac1 Rd8 20. Nd5 Nxd5 21. cxd5 Qe7 22. Rc2 h5 23. Rdc1 h4 24. Rc7 Qg5 25. Rxg7 Kxg7 26. Rxc8 Nf3+ 27. Nxf3 exf3 28. Bb2+ Kh6 29. Rc4 hxg3 30. hxg3 1-0

[Event "Niederbayernliga 1213"]
[Site "Bayern"]
[Date "2012.??.??"]
[Round "3"]
[White "Siemens, Andreas"]
[Black "Heiduk, Christoph"]
[Result "1-0"]
[WhiteElo "1978"]
[BlackElo "1865"]
[PlyCount "105"]
[EventDate "2012.10.14"]
[EventType "team-tourn"]
[EventRounds "9"]
[EventCountry "GER"]
[SourceTitle "EXT 2023"]
[Source "ChessBase"]
[SourceDate "2022.10.05"]
[SourceVersion "1"]
[SourceVersionDate "2022.10.05"]
[SourceQuality "1"]
[WhiteTeam "Rottal II"]
[BlackTeam "Regen/Viechtach"]
[WhiteTeamCountry "GER"]
[BlackTeamCountry "GER"]

1. d4 Nf6 2. Nf3 e6 3. Bf4 b6 4. e3 Bb7 5. Be2 Be7 6. 0-0 0-0 7. c4 d5 8. Nc3 Nbd7 9. Nb5 c6 10. Nd6 Ba6 11. Qa4 Bxc4 12. Bxc4 dxc4 13. Qxc6 Nd5 14. Bg3 N7f6 15. Nxc4 Ne4 16. Ncd2 Nxg3 17. hxg3 Rc8 18. Qa4 Qc7 19. Rac1 Qb7 20. a3 a6 21. Ne5 b5 22. Qb3 Nb6 23. Nd3 Na4 24. Rfd1 Rfd8 25. Nb1 Qd7 26. Ne5 Qd6 27. Nc3 f6 28. Nd3 Nb6 29. Ne4 Qd5 30. Qxd5 exd5 31. Nec5 Ra8 32. Nb4 a5 33. Nc6 Re8 34. Nxe7+ Rxe7 35. b3 Kf7 36. Nd3 a4 37. Rc6 Re6 38. Rdc1 Rb8 39. Rc7+ Kf8 40. Nc5 Re7 41. Rxe7 Kxe7 42. bxa4 Nc4 43. Rb1 Nxa3 44. Rb3 b4 45. Na6 Rb6 46. Nxb4 Kd6 47. Rxa3 Rxb4 48. g4 Kc6 49. a5 Kb7 50. a6+ Ka7 51. Ra5 Rb6 52. Rxd5 Kxa6 53. Rd7 1-0

[Event "Regionalliga SO 1112"]
[Site "Bayern"]
[Date "2011.10.23"]
[Round "2.2"]
[White "Siemens, Andreas"]
[Black "Wittmann, Matthias"]
[Result "1-0"]
[WhiteElo "1938"]
[BlackElo "2164"]
[PlyCount "81"]
[EventDate "2011.10.02"]
[EventType "team-tourn"]
[EventRounds "9"]
[EventCountry "GER"]
[SourceTitle "EXT 2013"]
[Source "ChessBase"]
[SourceDate "2012.11.22"]
[SourceVersion "1"]
[SourceVersionDate "2012.11.22"]
[SourceQuality "1"]
[WhiteTeam "Rottal II"]
[BlackTeam "Pang/Rosenheim II"]
[WhiteTeamCountry "GER"]
[BlackTeamCountry "GER"]

1. Nf3 Nc6 2. d4 d5 3. Bf4 Nf6 4. e3 e6 5. c4 Bb4+ 6. Nbd2 0-0 7. a3 Bd6 8. Bxd6 cxd6 9. Be2 e5 10. cxd5 Nxd5 11. Nc4 b5 12. dxe5 bxc4 13. Qxd5 Qb6 14. Qd2 dxe5 15. Qc3 Ba6 16. 0-0 Rfc8 17. Nxe5 Nxe5 18. Qxe5 Rab8 19. Rab1 Rc5 20. Qe7 h6 21. Rfc1 Bb7 22. Rxc4 Qg6 23. e4 Rxc4 24. Bxc4 Qxe4 25. Bxf7+ Kh7 26. Qxe4+ Bxe4 27. Re1 Rxb2 28. f3 Bd3 29. h4 Rb7 30. Bd5 Rd7 31. Be4+ Bxe4 32. Rxe4 Kg6 33. Ra4 Kh5 34. Kh2 g5 35. Kh3 gxh4 36. Rxh4+ Kg5 37. Ra4 h5 38. g3 Rb7 39. f4+ Kg6 40. Ra5 Rh7 41. Kh4 1-0

[Event "Niederbayernliga 1011"]
[Site "Germany"]
[Date "2011.04.10"]
[Round "9.2"]
[White "Knechtel, Roland"]
[Black "Siemens, Andreas"]
[Result "1/2-1/2"]
[WhiteElo "2174"]
[BlackElo "1947"]
[PlyCount "84"]
[EventDate "2010.10.10"]
[EventType "team-tourn"]
[EventRounds "9"]
[EventCountry "GER"]
[SourceTitle "EXT 2012"]
[Source "ChessBase"]
[SourceDate "2011.11.24"]
[SourceVersion "1"]
[SourceVersionDate "2011.11.24"]
[SourceQuality "1"]
[WhiteTeam "Roehrnbach"]
[BlackTeam "Rottal II"]
[WhiteTeamCountry "GER"]
[BlackTeamCountry "GER"]

1. c4 Nf6 2. Nf3 g6 3. b4 Bg7 4. Bb2 d6 5. d4 Nbd7 6. Qc2 0-0 7. e3 Re8 8. Nc3 e5 9. dxe5 Nxe5 10. Nxe5 dxe5 11. Rd1 Qe7 12. c5 Rd8 13. Rxd8+ Qxd8 14. Bc4 Qe7 15. Qb3 Bf5 16. 0-0 Rd8 17. Re1 c6 18. e4 Bc8 19. Nd1 Nd7 20. Ne3 Nf8 21. Bf1 Be6 22. Nc4 Nd7 23. Qa4 Bxc4 24. Bxc4 b5 25. cxb6 Nxb6 26. Qb3 Nxc4 27. Qxc4 Qf6 28. Qc3 Rd4 29. a3 Qe6 30. Qc5 Rd7 31. Rc1 Qb3 32. Bc3 Qxa3 33. Rf1 Qa4 34. Bxe5 Bf8 35. Qc4 Bxb4 36. Bc3 c5 37. h4 Rd1 38. Bf6 Rxf1+ 39. Qxf1 Qc2 40. Qa6 Qc1+ 41. Kh2 Qf4+ 42. Kg1 Qc1+ 1/2-1/2

[Event "Niederbayernliga 1011"]
[Site "Germany"]
[Date "2011.01.16"]
[Round "5.3"]
[White "Woitylak, Steffen"]
[Black "Siemens, Andreas"]
[Result "1/2-1/2"]
[WhiteElo "1891"]
[BlackElo "1947"]
[PlyCount "38"]
[EventDate "2010.10.10"]
[EventType "team-tourn"]
[EventRounds "9"]
[EventCountry "GER"]
[SourceTitle "EXT 2012"]
[Source "ChessBase"]
[SourceDate "2011.11.24"]
[SourceVersion "1"]
[SourceVersionDate "2011.11.24"]
[SourceQuality "1"]
[WhiteTeam "Ergolding"]
[BlackTeam "Rottal II"]
[WhiteTeamCountry "GER"]
[BlackTeamCountry "GER"]

1. Nf3 Nf6 2. c4 g6 3. Nc3 Bg7 4. e4 d6 5. d4 0-0 6. Be2 Re8 7. 0-0 Nbd7 8. Bg5 e5 9. d5 h6 10. Bd2 Nc5 11. Qc2 b6 12. b4 Ncd7 13. h3 Kh7 14. Nh2 Rf8 15. Na4 Ba6 16. Be3 Ng8 17. Bd3 Ne7 18. Rac1 Kh8 19. Qd2 Kh7 1/2-1/2

[Event "Niederbayernliga 1011"]
[Site "Germany"]
[Date "2010.12.12"]
[Round "4.2"]
[White "Fuchsgruber, Helmut"]
[Black "Siemens, Andreas"]
[Result "1-0"]
[WhiteElo "1867"]
[BlackElo "1947"]
[PlyCount "75"]
[EventDate "2010.10.10"]
[EventType "team-tourn"]
[EventRounds "9"]
[EventCountry "GER"]
[SourceTitle "EXT 2012"]
[Source "ChessBase"]
[SourceDate "2011.11.24"]
[SourceVersion "1"]
[SourceVersionDate "2011.11.24"]
[SourceQuality "1"]
[WhiteTeam "Adlkofen"]
[BlackTeam "Rottal II"]
[WhiteTeamCountry "GER"]
[BlackTeamCountry "GER"]

1. b4 e5 2. Bb2 d6 3. c4 Nf6 4. e3 Be7 5. Nf3 0-0 6. Be2 b6 7. 0-0 e4 8. Nd4 c5 9. Nc2 Na6 10. b5 Nc7 11. Nc3 Bb7 12. f3 Nce8 13. Qe1 Rb8 14. Rd1 Qc7 15. d3 exd3 16. Bxd3 Rd8 17. e4 Nd7 18. Ne3 Ne5 19. f4 Ng6 20. Ncd5 Qd7 21. Bc2 Nc7 22. e5 Nxd5 23. Nxd5 Bxd5 24. Rxd5 Qc7 25. e6 fxe6 26. Qxe6+ Rf7 27. Rf5 Bf8 28. Be4 Rdd7 29. Bd5 Nh8 30. Rg5 Rde7 31. Qg4 Ng6 32. h4 Qd7 33. h5 Qxg4 34. Rxg4 Nh8 35. f5 Re2 36. Rf2 Rxf2 37. Kxf2 g6 38. Bxh8 1-0

[Event "Niederbayernliga 1011"]
[Site "Germany"]
[Date "2010.10.10"]
[Round "1.2"]
[White "Siemens, Andreas"]
[Black "Lichtmannecker, Hans Juergen"]
[Result "1-0"]
[WhiteElo "1947"]
[BlackElo "1615"]
[PlyCount "89"]
[EventDate "2010.10.10"]
[EventType "team-tourn"]
[EventRounds "9"]
[EventCountry "GER"]
[SourceTitle "EXT 2012"]
[Source "ChessBase"]
[SourceDate "2011.11.24"]
[SourceVersion "1"]
[SourceVersionDate "2011.11.24"]
[SourceQuality "1"]
[WhiteTeam "Rottal II"]
[BlackTeam "Aham"]
[WhiteTeamCountry "GER"]
[BlackTeamCountry "GER"]

1. Nf3 d6 2. b3 e5 3. Bb2 Be7 4. e4 Nf6 5. Nc3 0-0 6. Be2 Nc6 7. 0-0 a6 8. h3 b5 9. a3 Bb7 10. d3 Nd4 11. Qd2 Rc8 12. Nd1 c5 13. a4 Nxe2+ 14. Qxe2 b4 15. Nd2 Nd7 16. Ne3 Nb8 17. f4 Nc6 18. Nd5 Nd4 19. Nxe7+ Qxe7 20. Bxd4 exd4 21. Rae1 Rfe8 22. Qg4 f6 23. Nc4 Rc6 24. e5 dxe5 25. fxe5 fxe5 26. Rxe5 Re6 27. Rfe1 Rxe5 28. Rxe5 Qf8 29. Qe2 Rxe5 30. Qxe5 h6 31. Nd6 Qa8 32. Nxb7 Qxb7 33. Qxc5 Qd7 34. Qxb4 Qd8 35. Qc4+ Kh7 36. c3 dxc3 37. Qxc3 Qb6+ 38. d4 a5 39. Kf2 Qf6+ 40. Ke2 Qe6+ 41. Kd2 Qd5 42. g4 Qg2+ 43. Kc1 Qf1+ 44. Kb2 Qe2+ 45. Qc2+ 1-0

[Event "Niederbayernliga 0910"]
[Site "Germany"]
[Date "2010.03.21"]
[Round "8.1"]
[White "Palmi, Herbert"]
[Black "Siemens, Andreas"]
[Result "1/2-1/2"]
[WhiteElo "1988"]
[BlackElo "1919"]
[PlyCount "34"]
[EventDate "2009.10.18"]
[EventType "team-tourn"]
[EventRounds "9"]
[EventCountry "GER"]
[SourceTitle "EXT 2011"]
[Source "ChessBase"]
[SourceDate "2010.11.26"]
[SourceVersion "1"]
[SourceVersionDate "2010.11.26"]
[SourceQuality "1"]
[WhiteTeam "Bayerwald"]
[BlackTeam "Rottal II"]
[WhiteTeamCountry "GER"]
[BlackTeamCountry "GER"]

1. Nf3 Nf6 2. b4 g6 3. Bb2 Bg7 4. c4 d6 5. Nc3 0-0 6. d3 e5 7. a4 e4 8. Nxe4 Nxe4 9. Bxg7 Nxf2 10. Kxf2 Kxg7 11. g3 Qf6 12. Bg2 Nc6 13. Rb1 Ne5 14. h3 h5 15. Qd2 Nxf3 16. Bxf3 Bd7 17. Qb2 c6 1/2-1/2

[Event "Niederbayernliga 0910"]
[Site "Germany"]
[Date "2009.11.29"]
[Round "3.2"]
[White "Siemens, Andreas"]
[Black "Theiss, Johann"]
[Result "0-1"]
[WhiteElo "1919"]
[BlackElo "1960"]
[PlyCount "131"]
[EventDate "2009.10.18"]
[EventType "team-tourn"]
[EventRounds "9"]
[EventCountry "GER"]
[SourceTitle "EXT 2011"]
[Source "ChessBase"]
[SourceDate "2010.11.26"]
[SourceVersion "1"]
[SourceVersionDate "2010.11.26"]
[SourceQuality "1"]
[WhiteTeam "Rottal II"]
[BlackTeam "Adlkofen"]
[WhiteTeamCountry "GER"]
[BlackTeamCountry "GER"]

1. Nf3 d5 2. c4 c6 3. b3 Bf5 4. Bb2 e6 5. g3 h6 6. Bg2 Nf6 7. d3 Be7 8. 0-0 0-0 9. Nbd2 a5 10. Qc2 Na6 11. a3 Bh7 12. Rac1 Nd7 13. e4 dxe4 14. Nxe4 Ndc5 15. Rfd1 Qb6 16. Nfd2 Rfd8 17. Qc3 f6 18. Nxc5 Nxc5 19. d4 Nd3 20. c5 Nxc1 21. Rxc1 Qc7 22. Qe3 Bf5 23. Nf3 Re8 24. Nh4 Bf8 25. Nxf5 exf5 26. Qf3 Rad8 27. Qxf5 Qd7 28. Qxd7 Rxd7 29. Kf1 f5 30. Rc4 Be7 31. Ra4 Bf6 32. Bh3 g6 33. g4 fxg4 34. Bxg4 Rdd8 35. Bf3 h5 36. Rc4 Rd7 37. b4 axb4 38. axb4 Red8 39. b5 cxb5 40. Rb4 Bxd4 41. Bxd4 Rxd4 42. Rxb5 Rc4 43. Bxb7 Rd2 44. Ke1 Rcc2 45. Be4 Re2+ 46. Kd1 Rcd2+ 47. Kc1 Rxf2 48. c6 Rde2 49. Bd5+ Kg7 50. Bb3 Re1+ 51. Bd1 Rf7 52. Rc5 Rc7 53. Rc3 Re6 54. Bf3 g5 55. h3 h4 56. Kd2 Kf6 57. Rc4 Re5 58. Kd3 Ke7 59. Re4 Rxe4 60. Bxe4 Kd6 61. Ke3 Rf7 62. Bg2 Ke5 63. Bf3 Ra7 64. Bg4 Ra3+ 65. Kd2 Kd6 66. Kc2 0-1

[Event "Niederbayernliga 0809"]
[Site "Germany"]
[Date "2009.01.18"]
[Round "5.1"]
[White "Spiesberger, Gerhard"]
[Black "Siemens, Andreas"]
[Result "1-0"]
[WhiteElo "2043"]
[BlackElo "1921"]
[PlyCount "113"]
[EventDate "2008.10.05"]
[EventType "tourn"]
[EventRounds "9"]
[EventCountry "GER"]
[SourceTitle "EXT 2010"]
[Source "ChessBase"]
[SourceDate "2010.11.25"]
[SourceVersion "1"]
[SourceVersionDate "2010.11.25"]
[SourceQuality "1"]
[WhiteTeam "Simbach"]
[BlackTeam "Rottal II"]
[WhiteTeamCountry "GER"]
[BlackTeamCountry "GER"]

1. e4 e5 2. d4 exd4 3. Qxd4 Nc6 4. Qe3 d6 5. Nc3 Nf6 6. Bd2 Bd7 7. 0-0-0 a6 8. h3 Qe7 9. f4 0-0-0 10. Nf3 Be6 11. Nd4 Nxd4 12. Qxd4 c5 13. Qa4 Qd7 14. Qa5 Qc7 15. Qxc7+ Kxc7 16. f5 Bd7 17. Bc4 Be8 18. Bg5 Be7 19. Rhe1 b5 20. Bxf6 Bxf6 21. Nd5+ Kc6 22. Nxf6 bxc4 23. Nd5 f6 24. Kd2 Bf7 25. Kc3 Rhe8 26. Kxc4 Re5 27. Re3 Rb8 28. Kc3 Rbe8 29. Rde1 Bxd5 30. exd5+ Kxd5 31. Rd3+ Kc6 32. Red1 Re3 33. b4 Rxd3+ 34. Rxd3 cxb4+ 35. Kxb4 Re2 36. Rc3+ Kb6 37. g4 Re4+ 38. Rc4 a5+ 39. Kb3 Re3+ 40. Rc3 a4+ 41. Kc4 d5+ 42. Kd4 Rxc3 43. Kxc3 Kc5 44. a3 h6 45. Kd3 h5 46. gxh5 d4 47. c3 dxc3 48. Kxc3 Kd5 49. Kb4 Ke5 50. Kxa4 Kxf5 51. Kb4 Kg5 52. a4 f5 53. Kc3 Kh4 54. a5 f4 55. a6 f3 56. Kd2 Kg3 57. a7 1-0

[Event "Niederbayernliga 0809"]
[Site "Germany"]
[Date "2008.10.05"]
[Round "1.1"]
[White "Siemens, Andreas"]
[Black "Krstic, Petar"]
[Result "0-1"]
[WhiteElo "1921"]
[BlackElo "2257"]
[PlyCount "88"]
[EventDate "2008.10.05"]
[EventType "tourn"]
[EventRounds "9"]
[EventCountry "GER"]
[SourceTitle "EXT 2010"]
[Source "ChessBase"]
[SourceDate "2010.11.25"]
[SourceVersion "1"]
[SourceVersionDate "2010.11.25"]
[SourceQuality "1"]
[WhiteTeam "Rottal II"]
[BlackTeam "Deggendorf"]
[WhiteTeamCountry "GER"]
[BlackTeamCountry "GER"]

1. Nf3 d5 2. c4 c6 3. b3 Nf6 4. g3 b6 5. Bg2 Bb7 6. Bb2 Nbd7 7. d3 dxc4 8. bxc4 e6 9. 0-0 Be7 10. Nbd2 c5 11. Qc2 Qc7 12. Rac1 0-0 13. e3 Rac8 14. d4 cxd4 15. exd4 b5 16. Qb3 bxc4 17. Rxc4 Qb8 18. Ne5 Bxg2 19. Kxg2 Nb6 20. Rcc1 Qb7+ 21. Kg1 Qa6 22. Rc6 Rxc6 23. Nxc6 Bd6 24. Rc1 Nbd5 25. Qc4 Qb6 26. Nb3 Rc8 27. Qa4 Rc7 28. Rc2 h5 29. Nba5 h4 30. Kg2 Qa6 31. Qc4 Qb6 32. Qa4 Ng4 33. Bc1 Ngf6 34. Kh3 hxg3 35. hxg3 Qa6 36. Kg2 Qd3 37. Qb3 Qe4+ 38. Kf1 Ng4 39. Rc4 Qh1+ 40. Ke2 Nh2 41. Qd1 Qe4+ 42. Be3 Bxg3 43. Qg1 Nf4+ 44. Kd1 Qd3+ 0-1

[Event "Niederbayernliga 0708"]
[Site "Germany"]
[Date "2007.10.21"]
[Round "1.2"]
[White "Goede, Andreas"]
[Black "Siemens, Andreas"]
[Result "1/2-1/2"]
[WhiteElo "1926"]
[BlackElo "1916"]
[PlyCount "103"]
[EventDate "2007.10.21"]
[EventType "team-tourn"]
[EventRounds "9"]
[EventCountry "GER"]
[SourceTitle "EXT 2009"]
[Source "ChessBase"]
[SourceDate "2008.11.26"]
[SourceVersion "1"]
[SourceVersionDate "2008.11.26"]
[SourceQuality "1"]
[WhiteTeam "Vilshofen"]
[BlackTeam "Rottal II"]
[WhiteTeamCountry "GER"]
[BlackTeamCountry "GER"]

1. g3 Nf6 2. d3 g6 3. Bg2 Bg7 4. e4 d6 5. Ne2 e5 6. Nbc3 c6 7. a4 a5 8. Bg5 Qb6 9. 0-0 0-0 10. Be3 Qc7 11. f4 Bg4 12. Bf3 Bh3 13. Bg2 Ng4 14. Bf2 Nxf2 15. Rxf2 Bg4 16. fxe5 Bxe5 17. d4 Bg7 18. Qd2 Qb6 19. Raf1 Bxe2 20. Nxe2 Qxb2 21. Qd3 Na6 22. c3 Qb3 23. Rb1 Qxa4 24. Rxb7 c5 25. e5 c4 26. Qf3 dxe5 27. dxe5 Qd1+ 28. Bf1 Qd3 29. Qf4 Qd5 30. Bg2 Qxe5 31. Qxc4 Qc5 32. Qb3 Nc7 33. Nd4 a4 34. Qa2 Qxc3 35. Ne2 Qc5 36. Rb1 Rae8 37. Rc1 Qa7 38. Rcf1 Re7 39. Kh1 a3 40. Nf4 Ne6 41. Nxe6 Rxe6 42. Rxf7 Rxf7 43. Qxe6 a2 44. Qe8+ Bf8 45. Bd5 a1Q 46. Bxf7+ Kg7 47. Rxa1 Qxa1+ 48. Kg2 Qb2+ 49. Kh3 Qf6 50. Bc4 Qf5+ 51. Kg2 Qc2+ 52. Qe2 1/2-1/2

[Event "Niederbayernliga 0708"]
[Site "Germany"]
[Date "2007.03.09"]
[Round "7.1"]
[White "Schubert, Werner"]
[Black "Siemens, Andreas"]
[Result "1/2-1/2"]
[WhiteElo "2021"]
[BlackElo "1916"]
[PlyCount "50"]
[EventDate "2007.10.21"]
[EventType "team-tourn"]
[EventRounds "9"]
[EventCountry "GER"]
[SourceTitle "EXT 2009"]
[Source "ChessBase"]
[SourceDate "2008.11.26"]
[SourceVersion "1"]
[SourceVersionDate "2008.11.26"]
[SourceQuality "1"]
[WhiteTeam "Geiselhoering"]
[BlackTeam "Rottal II"]
[WhiteTeamCountry "GER"]
[BlackTeamCountry "GER"]

1. c4 d5 2. cxd5 Nf6 3. Nc3 Nxd5 4. g3 g6 5. Bg2 Nxc3 6. bxc3 Bg7 7. Nf3 0-0 8. 0-0 c6 9. Qb3 b6 10. Ba3 Bb7 11. Rad1 Qc7 12. Rfe1 Re8 13. d4 Nd7 14. e4 e6 15. Nd2 b5 16. e5 Bf8 17. Bxf8 Rxf8 18. Ne4 Rab8 19. Nd6 Ba8 20. Qb2 a6 21. Qd2 f5 22. Qh6 Nb6 23. h4 Qg7 24. Qc1 Qd7 25. Qa3 Nc8 1/2-1/2

[Event "Niederbayernliga 0607"]
[Site "Germany"]
[Date "2007.??.??"]
[Round "8.1"]
[White "Riemelmoser, Franz"]
[Black "Siemens, Andreas"]
[Result "0-1"]
[WhiteElo "2258"]
[BlackElo "1882"]
[PlyCount "70"]
[EventDate "2006.??.??"]
[EventType "team-tourn"]
[EventRounds "9"]
[EventCountry "GER"]
[SourceTitle "EXT 2008"]
[Source "ChessBase"]
[SourceDate "2007.11.25"]
[SourceVersion "1"]
[SourceVersionDate "2007.11.25"]
[SourceQuality "1"]
[WhiteTeam "Simbach"]
[BlackTeam "Eggenfelden"]
[WhiteTeamCountry "GER"]
[BlackTeamCountry "GER"]

1. c4 Nf6 2. g3 g6 3. Bg2 Bg7 4. Nc3 d6 5. d3 Nbd7 6. e4 e5 7. Nge2 Nc5 8. f4 Bg4 9. 0-0 Qd7 10. f5 gxf5 11. Bg5 fxe4 12. b4 exd3 13. bxc5 dxe2 14. Nxe2 dxc5 15. Qc2 c6 16. Rxf6 Bxe2 17. Re1 Qd4+ 18. Kh1 Bd3 19. Qd1 0-0 20. Rh6 Bg6 21. Qc1 f6 22. Rh4 Qf2 23. Be3 Qxa2 24. Bxc5 Rfd8 25. Qe3 Rd2 26. Be4 Rad8 27. Bxa7 Rd1 28. Bd5+ R8xd5 29. cxd5 Rxe1+ 30. Qxe1 Qxa7 31. d6 Bf5 32. Qf1 Be6 33. h3 Qc5 34. Qd3 Bd5+ 35. Kh2 Qf2# 0-1

[Event "Niederbayernliga 0607"]
[Site "Germany"]
[Date "2007.??.??"]
[Round "5.1"]
[White "Siemens, Andreas"]
[Black "Kaisersberger, Christian"]
[Result "0-1"]
[WhiteElo "1882"]
[BlackElo "1931"]
[PlyCount "140"]
[EventDate "2006.??.??"]
[EventType "team-tourn"]
[EventRounds "9"]
[EventCountry "GER"]
[SourceTitle "EXT 2008"]
[Source "ChessBase"]
[SourceDate "2007.11.25"]
[SourceVersion "1"]
[SourceVersionDate "2007.11.25"]
[SourceQuality "1"]
[WhiteTeam "Eggenfelden"]
[BlackTeam "Kauflanden"]
[WhiteTeamCountry "GER"]
[BlackTeamCountry "GER"]

1. e4 e6 2. d4 d5 3. Nc3 Bb4 4. a3 Bxc3+ 5. bxc3 dxe4 6. Qg4 Nf6 7. Qxg7 Rg8 8. Qh6 Rg6 9. Qh4 Qd5 10. Ne2 Qh5 11. Qxh5 Nxh5 12. Nf4 Nxf4 13. Bxf4 c6 14. g3 Nd7 15. Bg2 f5 16. f3 exf3 17. Bxf3 Nf6 18. Be5 Ng4 19. Bf4 Bd7 20. h3 Nf6 21. 0-0-0 0-0-0 22. Kb2 Nd5 23. Be5 Ne3 24. Rdg1 Nc4+ 25. Kc1 Nxe5 26. dxe5 Rdg8 27. g4 h5 28. Rg2 hxg4 29. hxg4 fxg4 30. Rhg1 g3 31. Kd2 Rg5 32. Re1 c5 33. Re3 Kc7 34. c4 Bc6 35. Bxc6 Kxc6 36. Kc3 a6 37. a4 b5 38. axb5+ axb5 39. cxb5+ Kxb5 40. Kb3 c4+ 41. Kb2 Kc5 42. c3 Rf5 43. Rexg3 Rxg3 44. Rxg3 Rxe5 45. Rg2 Rf5 46. Kc2 e5 47. Rg8 Rf2+ 48. Kc1 Kd5 49. Rd8+ Ke4 50. Kd1 Ra2 51. Rd7 Ke3 52. Rd8 e4 53. Rd7 Ra1+ 54. Kc2 Ke2 55. Rd4 Kf3 56. Rxc4 e3 57. Rc8 Ra2+ 58. Kc1 Kf2 59. Rf8+ Ke1 60. Rf7 Rf2 61. Re7 e2 62. Kc2 Kf1 63. Kd3 e1Q 64. Rxe1+ Kxe1 65. Kd4 Kd2 66. c4 Rf4+ 67. Kd5 Kc3 68. c5 Kb4 69. c6 Kb5 70. c7 Rc4 0-1

[Event "Niederbayernliga 0506"]
[Site "Germany"]
[Date "2006.??.??"]
[Round "8"]
[White "Goede, Andreas"]
[Black "Siemens, Andreas"]
[Result "0-1"]
[WhiteElo "1885"]
[BlackElo "1921"]
[PlyCount "56"]
[EventDate "2005.??.??"]
[EventType "team-tourn"]
[EventRounds "9"]
[EventCountry "GER"]
[SourceTitle "EXT 2008"]
[Source "ChessBase"]
[SourceDate "2007.11.25"]
[SourceVersion "1"]
[SourceVersionDate "2007.11.25"]
[SourceQuality "1"]
[WhiteTeam "Vilshofen"]
[BlackTeam "Eggenfelden"]
[WhiteTeamCountry "GER"]
[BlackTeamCountry "GER"]

1. e4 e5 2. d4 exd4 3. Qxd4 Nc6 4. Qe3 d6 5. Nc3 Nf6 6. Be2 Be7 7. Bd2 a6 8. Qg3 Nd4 9. Bd3 Qd7 10. Qe3 c5 11. Nge2 Nxe2 12. Bxe2 b5 13. 0-0 Bb7 14. Bf3 0-0 15. Rad1 Qe6 16. Rfe1 Rfe8 17. a3 Rad8 18. g3 Ng4 19. Qe2 Ne5 20. Bg2 Nc4 21. Bc1 Bf6 22. Rd3 Bd4 23. b3 Ne5 24. Rxd4 cxd4 25. Nb1 d3 26. cxd3 Qxb3 27. d4 Nd3 28. Nd2 Qc2 0-1